| 000 | 00499nam a2200181Ia 4500 | ||
|---|---|---|---|
| 003 | OSt | ||
| 005 | 20250618163045.0 | ||
| 008 | 210210b1979 xxu||||| |||| 00| 0 eng d | ||
| 040 | _cAL | ||
| 082 | _a306.0954 PRAH | ||
| 100 |
_aP H Prabhu _9210282 |
||
| 245 |
_aHindu social organization _b: Study in socio psychological and ideological foundations |
||
| 260 |
_aBombay _bPopular Prakashan _c1979 |
||
| 300 | _axiv,389 p. | ||
| 690 |
_aIndian Society _9210283 |
||
| 906 | _a043948 | ||
| 942 |
_2ddc _cBK |
||
| 999 |
_c93688 _d93688 |
||